[Event "35th Nezhmetdinov Cup"]
[Site "Kazan RUS"]
[Date "2013.06.02"]
[Round "3.22"]
[White "Matsenko,A"]
[Black "Kalegin,E"]
[Result "1/2-1/2"]
[WhiteElo "2212"]
[BlackElo "2447"]

1.e4 c5 2.Nf3 d6 3.d4 cxd4 4.Nxd4 Nf6 5.Nc3 a6 6.g3 e6 7.Bg2 Be7 8.O-O O-O
9.Kh1 Nc6 10.g4 Bd7 11.f4 Qc7 12.Be3 Rac8 13.Qe2 Na5 14.Bg1 Nc4 15.Nd1 e5
16.Nf5 Bxf5 17.exf5 exf4 18.Rxf4 d5 19.c3 Bd6 20.Rf1 Rfe8 21.Qd3 Bc5 22.Bd4 Bxd4
23.cxd4 Ne4 24.b3 Ncd2 25.Re1 Qe7 26.Kg1 Qb4 27.Nf2 Nxb3 28.Rab1 Rc3 29.Qd1 Qxd4
30.Qxd4 Nxd4 31.Nxe4 dxe4 32.Rbd1 Rc4 33.Bxe4 h5 34.Bxb7  1/2-1/2

[Event "French Top 12 2013"]
[Site "Haguenau FRA"]
[Date "2013.06.07"]
[Round "9.6"]
[White "Philippe,C"]
[Black "Houriez,C"]
[Result "1/2-1/2"]
[WhiteElo "2372"]
[BlackElo "2285"]

1.e4 c5 2.Nf3 d6 3.d4 Nf6 4.Nc3 cxd4 5.Nxd4 a6 6.g3 e5 7.Nde2 Be7 8.Bg2 Nbd7
9.O-O b5 10.a3 Bb7  1/2-1/2

[Event "3rd Ortega Rating"]
[Site "Ortega COL"]
[Date "2013.06.09"]
[Round "6.1"]
[White "Zapata,Alo"]
[Black "Hevia,A"]
[Result "0-1"]
[WhiteElo "2483"]
[BlackElo "2498"]

1.e4 c5 2.Nf3 d6 3.d4 cxd4 4.Nxd4 Nf6 5.Nc3 a6 6.g3 e5 7.Nb3 Be7 8.Bg2 O-O
9.O-O Be6 10.a4 Nbd7 11.a5 b5 12.axb6 Nxb6 13.Be3 Qc7 14.Na5 Nc4 15.Nxc4 Bxc4
16.Re1 Rfc8 17.b3 Be6 18.Na4 Rab8 19.c4 Ng4 20.Nc3 Qb7 21.Nd5 Bxd5 22.exd5 Nxe3
23.Rxe3 Bd8 24.Bh3 Rc5 25.Bf5 a5 26.Bc2 Bb6 27.Kg2 Rc7 28.Rf3 Re7 29.Qe2 g6
30.g4 e4 31.Rf4 e3 32.f3 Re5 33.h4 Qe7 34.Kh3 Bd8 35.g5 h6 36.gxh6 Rh5 37.Qe1 f5
38.Qg3 Kh7 39.Rg1 Qf6 40.Qe1 Bb6 41.c5 Bxc5 42.Qxa5 Kxh6 43.Qa1 Qe7 44.Bd3 e2
45.Re1 Bf2 46.Qc1 Be3  0-1

[Event "3rd Women Masters"]
[Site "Wuxi CHN"]
[Date "2013.06.09"]
[Round "9.1"]
[White "Shen Yang"]
[Black "Huang Qian"]
[Result "1/2-1/2"]
[WhiteElo "2397"]
[BlackElo "2469"]

1.d4 d6 2.Nf3 c5 3.e4 cxd4 4.Nxd4 Nf6 5.Nc3 a6 6.g3 e5 7.Nde2 b5 8.Bg2 Bb7
9.O-O Nbd7 10.h3 Nc5 11.Bg5 Be7 12.b4 Ncd7 13.a4 bxa4 14.Rxa4 a5 15.Rxa5 Rxa5
16.bxa5 Qxa5 17.Qa1 Qxa1 18.Rxa1 O-O 19.Ra7 Rb8 20.Be3 Bd8 21.Nb5 Ne8 22.Nec3 Bc6
23.Bf1 Bb6 24.Bxb6 Nxb6 25.Ra6 Kf8 26.Bd3 Bd7 27.h4 Bc8 28.Ra7 Ra8 29.Rxa8 Nxa8
30.Nd5 Be6 31.Bc4 Bxd5 32.Bxd5 Nac7 33.c4 Nxd5 34.cxd5  1/2-1/2

[Event "8th Teplice Open 2013"]
[Site "Teplice CZE"]
[Date "2013.06.19"]
[Round "5.28"]
[White "Volek,R"]
[Black "Jedlicka,A"]
[Result "1/2-1/2"]
[WhiteElo "2073"]
[BlackElo "2231"]

1.e4 c5 2.Nf3 d6 3.d4 cxd4 4.Nxd4 Nf6 5.Nc3 a6 6.g3 e5 7.Nb3 Be7 8.Bg2 Nbd7
9.O-O b5 10.g4 b4 11.Ne2 a5 12.g5 Nh5 13.Ned4 exd4 14.Qxh5 g6 15.Qd1 Bxg5
16.Qxd4 O-O 17.Qd5 Bxc1 18.Raxc1 Ra6 19.f4 a4 20.Nd4 Nf6 21.Qb5 Rb6 22.Qg5 Kg7
23.f5 h6 24.Qe3 Ng4 25.Qg3 Ne5 26.h4 Rb7 27.Rcd1 Qf6 28.Nc6 Nxc6 29.Rxd6 Qe7
30.fxg6  1/2-1/2

[Event "8th Teplice Open 2013"]
[Site "Teplice CZE"]
[Date "2013.06.19"]
[Round "5.24"]
[White "Volek,R"]
[Black "Jedlicka,A"]
[Result "1/2-1/2"]
[WhiteElo "2073"]
[BlackElo "2231"]

1.e4 c5 2.Nf3 d6 3.d4 cxd4 4.Nxd4 Nf6 5.Nc3 a6 6.g3 e5 7.Nb3 Be7 8.Bg2 Nbd7
9.O-O b5 10.g4 b4 11.Ne2 a5 12.g5 Nh5 13.Ned4 exd4 14.Qxh5 g6 15.Qd1 Bxg5
16.Qxd4 O-O 17.Qd5 Bxc1 18.Raxc1 Ra6 19.f4 a4 20.Nd4 Nf6 21.Qb5 Rb6 22.Qg5 Kg7
23.f5 h6 24.Qe3 Ng4 25.Qg3 Ne5 26.h4 Rb7 27.Rcd1 Qf6 28.Ne6+ fxe6 29.Rxd6 Nc4
30.fxe6 Qe7 31.Rc6 Rxf1+ 32.Bxf1 Bxe6 33.Bxc4 Bf7 34.Bxf7 Qxf7 35.Qe5+ Kh7
36.Rc8 Qg7 37.Qxg7+ Kxg7 38.Kf2 a3 39.b3 g5 40.hxg5 hxg5 41.Kg3 Kf6 42.Rc6+ Ke5
43.Rc4 Rb6 44.Kg4 Rb8 45.Kxg5 Rg8+ 46.Kh4 Rg2 47.Kh3 Re2 48.Kg3 Rxe4 49.Rc8 Kd4
50.Kf2 Kd5 51.Kf3 Re1 52.Rc4 Ra1 53.Rxb4 Rxa2 54.c3 Rb2 55.Ke3  1/2-1/2

[Event "8th Teplice Open 2013"]
[Site "Teplice CZE"]
[Date "2013.06.21"]
[Round "7.44"]
[White "Volek,R"]
[Black "Okrouhlik,Zdenek"]
[Result "1-0"]
[WhiteElo "2073"]
[BlackElo "1863"]

1.e4 c5 2.Nf3 d6 3.d4 cxd4 4.Nxd4 Nf6 5.Nc3 a6 6.g3 e5 7.Nb3 Be6 8.Bg2 Nbd7
9.O-O Be7 10.Nd5 Nxd5 11.exd5 Bf5 12.f4 Qb6+ 13.Kh1 Rc8 14.c3 exf4 15.Nd4 Bg6
16.gxf4 Nf6 17.Qe1 Rc7 18.f5 Bh5 19.Qh4 O-O 20.Rg1 g6 21.Bg5 Kg7 22.h3 Qxb2
23.fxg6 Ne4 24.Nf5+ Kh8 25.g7+ Kg8 26.Nh6+ Kxg7 27.Bf6+  1-0

[Event "TCh-MNE Prem 2013"]
[Site "Cetinje MNE"]
[Date "2013.06.27"]
[Round "4.1"]
[White "Sedlak,N"]
[Black "Arsovic,G"]
[Result "1/2-1/2"]
[WhiteElo "2571"]
[BlackElo "2438"]

1.e4 c5 2.Nf3 d6 3.d4 cxd4 4.Nxd4 Nf6 5.Nc3 a6 6.g3 e5 7.Nb3 Be7 8.Bg2 O-O
9.O-O Qc7 10.a4 b6 11.Re1 Bb7 12.Bg5 Nbd7 13.Nd2 h6 14.Bxf6 Nxf6 15.Nf1 g6
16.Ne3 Qc5 17.Qe2 b5 18.axb5 axb5 19.Rxa8 Rxa8 20.Qxb5 Qxb5 21.Nxb5 Nxe4
22.Nc7 Ra7 23.Ned5 Bxd5 24.Nxd5 Nf6 25.Nb4 Kf8 26.c4 Ra4 27.Nc6 Rxc4 28.b4 e4
29.b5 d5 30.Rb1 Nd7 31.Bf1 Rc2 32.Nxe7 Kxe7 33.b6 Kd6 34.b7 Nb8 35.Bb5 f5
36.Be8 g5 37.Rb6+ Ke7 38.Rxh6 Rb2 39.Rh8 Kf6 40.Bb5 Rxb5 41.Rxb8 Kg7 42.Rd8  1/2-1/2

[Event "4th ch-Vojvodina Int"]
[Site "Novi Sad SRB"]
[Date "2013.06.30"]
[Round "4.13"]
[White "Petkovic,R"]
[Black "Kovacevic,G"]
[Result "1-0"]
[WhiteElo "2273"]
[BlackElo "2177"]

1.e4 c5 2.Nf3 d6 3.d4 cxd4 4.Nxd4 Nf6 5.Nc3 a6 6.g3 e6 7.Bg2 Be7 8.O-O O-O
9.a4 Qc7 10.Be3 Nc6 11.h3 Ne5 12.Nde2 Nc4 13.Bc1 Rb8 14.b3 Na5 15.Bd2 Bd7
16.Kh1 Rfc8 17.g4 b5 18.axb5 axb5 19.g5 Ne8 20.Na2 Nc6 21.Nac1 Ra8 22.Nd3 Bf8
23.f4 Ra7 24.Rxa7 Qxa7 25.f5 Ne5 26.Bc3 Nxd3 27.cxd3 e5 28.Qd2 Qa3 29.Rb1 g6
30.d4 gxf5 31.dxe5 fxe4 32.Bxe4 Bg7 33.Nf4 Be6 34.Bb4 Qa6 35.Nxe6 fxe6 36.exd6  1-0

[Event "4th ch-Vojvodina Int"]
[Site "Novi Sad SRB"]
[Date "2013.07.01"]
[Round "6.8"]
[White "Petkovic,R"]
[Black "Kumic,F"]
[Result "1-0"]
[WhiteElo "2273"]
[BlackElo "2237"]

1.e4 c5 2.Nf3 d6 3.d4 cxd4 4.Nxd4 Nf6 5.Nc3 a6 6.g3 e5 7.Nde2 Nbd7 8.a4 b6
9.Bg2 Bb7 10.h3 Be7 11.g4 Nc5 12.Ng3 O-O 13.O-O b5 14.axb5 axb5 15.Rxa8 Bxa8
16.b4 Ne6 17.Nf5 g6 18.Nxe7+ Qxe7 19.Qd3 Nd4 20.Bg5 Qe6 21.Nxb5 Nxb5 22.Bxf6 Nd4
23.c3 Qxf6 24.cxd4 exd4 25.Rd1 Rb8 26.Qxd4 Qxd4 27.Rxd4 Kg7 28.g5 h6 29.h4 hxg5
30.hxg5 Rb6 31.f4 Rc6 32.b5 Rb6 33.Bf1 Bb7 34.Kf2 Bc8 35.Ke3 Bd7 36.e5 Bxb5
37.Rb4 dxe5 38.fxe5 Bxf1 39.Rxb6 Bh3 40.Kd4 Kf8 41.Rb7 Ke8 42.Kc5 Kf8 43.Kd6 Be6
44.Rb8+ Kg7 45.Ke7 Bd5 46.Rb6 Bc4 47.e6 fxe6 48.Rxe6 Bd3 49.Rc6 Be4 50.Rc7 Bf5
51.Kd6+ Kg8 52.Ke5 Kh8 53.Kf6 Be4 54.Rg7 Bf5 55.Rxg6  1-0

[Event "Polugaevsky Mem 2013"]
[Site "Samara RUS"]
[Date "2013.07.02"]
[Round "1.3"]
[White "Popov,Alexey1"]
[Black "Bocharov,D"]
[Result "1/2-1/2"]
[WhiteElo "2148"]
[BlackElo "2607"]

1.e4 c5 2.Nf3 d6 3.d4 cxd4 4.Nxd4 Nf6 5.Nc3 a6 6.g3 e5 7.Nde2 Be7 8.Bg2 Be6
9.O-O Nbd7 10.h3 b5 11.g4 Nb6 12.Nd5 O-O 13.Nxe7+ Qxe7 14.Nc3 Rad8 15.g5 Nfd7
16.f4 exf4 17.Bxf4 Ne5 18.Qd4 Qc7 19.a4 Nxa4 20.Nxa4 bxa4 21.Rxa4 Qxc2 22.Ra3 Rfe8
23.Re1 g6 24.Kh1 Qc4 25.Rd1 Qb5 26.Bf1 Bc4 27.Bg2 a5 28.Bd2 Nc6 29.Qf6 Re6
30.Qf2 d5 31.Bc3 d4 32.Rxd4 Nxd4 33.Bxd4 Qxg5 34.Bc3 Re5 35.Ra4 Be6 36.Kh2 Bb3
37.Rd4 Rde8 38.Rd7 a4 39.Bd2 Qh5 40.Bf3 Rf5 41.exf5 Qxf5 42.Rd4 Qc2 43.Kg2 Qxb2
44.Bc6 Rc8 45.Bxa4 Bxa4 46.Rxa4 Qe5 47.Rd4 Qe6 48.Bf4 f6 49.Rd2 g5 50.Bg3 Kg7
51.Qd4 Kg6 52.Rf2 f5 53.Qd6  1/2-1/2

[Event "IsBank TCh-TUR 2013"]
[Site "Denizli TUR"]
[Date "2013.07.03"]
[Round "5.7"]
[White "Firat,B"]
[Black "Yurtseven,M"]
[Result "1-0"]
[WhiteElo "2414"]
[BlackElo "2166"]

1.e4 c5 2.Nf3 d6 3.d4 cxd4 4.Nxd4 Nf6 5.Nc3 a6 6.g3 e5 7.Nb3 Be7 8.Bg2 O-O
9.O-O Bg4 10.Qd3 b5 11.h3 Be6 12.Nd5 Nxd5 13.exd5 Bd7 14.f4 f6 15.fxe5 fxe5
16.Bd2 a5 17.Be4 a4 18.Bxh7+ Kh8 19.Rxf8+ Qxf8 20.Bg6 Be8 21.Rf1 Bf6 22.Na5 Nd7
23.Nc6 Bxg6 24.Qxg6 Qe8 25.Qe4 Qh5 26.g4 Qh4 27.Kg2 Nb6 28.Be1 Qh7 29.Rf5 Kg8
30.Bf2 Nd7 31.Be3 Qh4 32.Rf1 Bg5 33.Bxg5 Qxg5 34.Rf5 Qd2+ 35.Rf2 Nf6 36.Ne7+ Kf8
37.Qg6 Qd4 38.g5 Kxe7 39.gxf6+ gxf6 40.Qxf6+ Kd7 41.Qg7+  1-0

[Event "4th AIMAG Men"]
[Site "Incheon KOR"]
[Date "2013.07.03"]
[Round "6.1"]
[White "Al Modiahki,M"]
[Black "Yu Yangyi"]
[Result "0-1"]
[WhiteElo "2546"]
[BlackElo "2675"]

1.e4 c5 2.Nf3 d6 3.d4 cxd4 4.Nxd4 Nf6 5.Nc3 a6 6.g3 e5 7.Nde2 Be7 8.Bg2 b5
9.h3 O-O 10.a3 Nbd7 11.g4 Nc5 12.Ng3 Bb7 13.O-O Ne6 14.Nf5 g6 15.Nxe7+ Qxe7
16.a4 Rfc8 17.axb5 axb5 18.Rxa8 Rxa8 19.Nd5 Bxd5 20.exd5 Nf4 21.Bxf4 exf4
22.Re1 Qd8 23.Qd4 Rc8 24.Qxf4 Rxc2 25.b3 Rc5 26.Ra1 Nxd5 27.Qd4 Nc7 28.Rd1 Ne6
29.Qxd6 Qxd6 30.Rxd6 Rc3 31.b4 Rb3 32.Bd5 Rb1+ 33.Kh2 Nf4 34.Rd7 Nxd5 35.Rxd5 Rxb4
36.g5 Kg7 37.Kg3 h5 38.gxh6+ Kxh6 39.h4 Rb1 40.Rd7 Kg7 41.Rb7 b4 42.Kf4 b3
43.f3 b2 44.Rb6 Kf8 45.Rb7 Ke8 46.h5 gxh5 47.Kf5 h4 48.Kf6 h3 49.Re7+ Kd8
50.Re2 Rf1 51.Rxb2 Rxf3+ 52.Kg5 Ke7 53.Re2+ Kf8 54.Kg4 Ra3 55.Rc2 Kg7 56.Rb2 Kg6
57.Rb6+ f6 58.Rb2 Re3 59.Rh2 f5+ 60.Kh4 Kf6 61.Ra2 Ke5 62.Ra5+ Ke4 63.Ra4+ Kd3
64.Ra3+ Ke2 65.Ra2+ Kf1 66.Ra1+ Kf2 67.Ra2+ Re2 68.Rxe2+ Kxe2 69.Kxh3 f4
70.Kg2 f3+ 71.Kg3 f2  0-1

[Event "41st TCh-GRE"]
[Site "Rio (Achaia) GRE"]
[Date "2013.07.03"]
[Round "3.9"]
[White "Zervos,Lazaros"]
[Black "Tsaknakis,Zisis"]
[Result "1-0"]
[WhiteElo "1857"]
[BlackElo "1706"]

1.e4 c5 2.Nf3 d6 3.d4 cxd4 4.Nxd4 Nf6 5.Nc3 a6 6.g3 e5 7.Nde2 Be7 8.Bg2 O-O
9.O-O Be6 10.h3 Nbd7 11.a4 Rc8 12.Be3 Qc7 13.g4 Rfd8 14.f4 exf4 15.Nxf4 Bc4
16.Rf2 Qa5 17.g5 Ne8 18.Nfd5 Bf8 19.b4 Bxd5 20.Nxd5 Qxd5 21.exd5 Ne5 22.Bd4  1-0

[Event "EY Boys Teams 2013"]
[Site "Maribor SLO"]
[Date "2013.07.07"]
[Round "2"]
[White "Srbis,J"]
[Black "Kraus,To"]
[Result "1/2-1/2"]
[WhiteElo "2355"]
[BlackElo "2360"]

1.e4 c5 2.Nf3 d6 3.d4 cxd4 4.Nxd4 Nf6 5.Nc3 a6 6.g3 e5 7.Nb3 Be7 8.Bg2 b5
9.a4 b4 10.Nd5 Nxd5 11.Qxd5 Ra7 12.Be3 Be6 13.Qd3 Ra8 14.O-O Nd7 15.f4 Rc8
16.Nd2 Nc5 17.Qe2 O-O 18.b3 f6 19.Rfd1 Rc6 20.Bf1 Qc7 21.f5 Bf7 22.Qg4 Rd8
23.Bc4 d5 24.exd5 Bxd5 25.Bxd5+ Rxd5 26.Qc4 Qd7 27.Qg4 Rcd6 28.Bxc5 Rxc5
29.Ne4 Rxd1+ 30.Rxd1 Qc6 31.Rd2 Rxc2 32.Rxc2 Qxc2 33.Qf3 Bc5+ 34.Kf1 Qc1+
35.Kg2 Qc2+ 36.Kf1 Qc1+ 37.Kg2 Qc2+ 38.Kf1 Qc1+ 39.Kg2 Qc2+ 40.Kf1 Qc1+  1/2-1/2

[Event "EY Girls Teams 2013"]
[Site "Maribor SLO"]
[Date "2013.07.10"]
[Round "5"]
[White "Iwanow,A"]
[Black "Obolentseva,Alexandra"]
[Result "1/2-1/2"]
[WhiteElo "2227"]
[BlackElo "1994"]

1.e4 c5 2.Nf3 d6 3.d4 cxd4 4.Nxd4 Nf6 5.Nc3 a6 6.g3 b5 7.Bg2 Bb7 8.g4 g6
9.g5 Nfd7 10.h4 b4 11.Nd5 e6 12.Ne3 Nc5 13.h5 Qxg5 14.Ng4 Qe7 15.hxg6 fxg6
16.a3 e5 17.Ne2 Nxe4 18.axb4 Bg7 19.Qd3 Nf6 20.Qh3 Nd5 21.Bd2 Nb6 22.O-O-O d5
23.f4 e4 24.f5 gxf5 25.Ne3 Bc8 26.Nxf5 Bxf5 27.Qxf5 N8d7 28.Nf4 Qe5 29.Qxe5+ Bxe5
30.Nxd5 Nxd5 31.Bxe4 N7b6 32.Bxd5 O-O-O 33.Be6+ Kb8 34.Rh5 Bc7 35.Rdh1 Rd6
36.Bf5 h6 37.Bd3 Nd5 38.Bc4 Ne7 39.Rxh6 Rhxh6 40.Bxh6 Rxh6 41.Rxh6 Bf4+ 42.Kd1 Bxh6
43.Bxa6 Ka7 44.Bd3 Kb6 45.c3 Nc6 46.b5 Na7 47.c4 Nxb5  1/2-1/2

[Event "43rd Nat Jun ch-IND U19"]
[Site "Lucknow IND"]
[Date "2013.07.11"]
[Round "2.2"]
[White "Prasanna,Ra"]
[Black "Darpan,I"]
[Result "1-0"]
[WhiteElo "2396"]
[BlackElo "2048"]

1.e4 c5 2.Nf3 d6 3.d4 cxd4 4.Nxd4 Nf6 5.Nc3 a6 6.g3 e5 7.Nb3 b5 8.Bg5 Bb7
9.a4 b4 10.Bxf6 Qxf6 11.Nd5 Qd8 12.a5 Nd7 13.Ra4 Bxd5 14.Qxd5 Be7 15.Rxb4 O-O
16.Rc4 Nf6 17.Qc6 Qc8 18.Qxc8 Rfxc8 19.Nd2 Rab8 20.Rxc8+ Rxc8 21.c3 Rb8 22.b3 Bd8
23.Bxa6 Bxa5 24.b4 Bb6 25.Ke2 Ra8 26.Bc4 Kf8 27.f3 Ke7 28.Bb3 Bc7 29.Rd1 Ra3
30.Rb1 g6 31.Kd3 Nd7 32.Nc4 Ra7 33.Ne3 Nb6 34.c4 Ra3 35.Kc2 Ra7 36.Rd1 Bb8
37.Kc3 Bc7 38.c5 dxc5 39.bxc5 Nd7 40.Nd5+ Ke8 41.Kc4 Bd8 42.c6 Nb6+ 43.Kb5 Nxd5
44.exd5 Ra5+ 45.Kb4 Ra6 46.Bc4 Rb6+ 47.Bb5 Be7+ 48.d6 Bf8 49.c7+ Rxb5+ 50.Kxb5 Kd7
51.Kb6  1-0

[Event "43rd Nat Jun ch-IND U19"]
[Site "Lucknow IND"]
[Date "2013.07.13"]
[Round "6.2"]
[White "Prasanna,Ra"]
[Black "Padhya,S"]
[Result "1/2-1/2"]
[WhiteElo "2396"]
[BlackElo "2234"]

1.e4 c5 2.Nf3 d6 3.d4 cxd4 4.Nxd4 Nf6 5.Nc3 a6 6.g3 e5 7.Nb3 Be7 8.Bg2 b5
9.a4 b4 10.Nd5 Nxd5 11.Qxd5 Ra7 12.Be3 Be6 13.Qd2 Rb7 14.a5 Nd7 15.O-O O-O
16.Rfd1 Qc7 17.Nc1 Rb5 18.Ra4 Rxa5 19.Rxb4 d5 20.exd5 Bxb4 21.c3 Bc5  1/2-1/2

[Event "V4 Int Open ch-SVK 2013"]
[Site "Banska Stiavnica SVK"]
[Date "2013.07.14"]
[Round "9.7"]
[White "Repkova,E"]
[Black "Vojtek,V"]
[Result "1/2-1/2"]
[WhiteElo "2374"]
[BlackElo "2278"]

1.e4 c5 2.Nf3 d6 3.d4 cxd4 4.Nxd4 Nf6 5.Nc3 a6 6.g3 e5 7.Nde2 Be7 8.Bg2 Nbd7
9.O-O b5 10.h3 h5 11.Bg5 b4 12.Nd5 Nxd5 13.Qxd5 Rb8 14.Bxe7 Qxe7 15.Rfd1 Rb6
16.a3 Bb7 17.Qa5 bxa3 18.Qxa3 O-O 19.Nc3 Nc5 20.b4 Ne6 21.Qa5 Qc7 22.b5 axb5
23.Nxb5 Qc5 24.Nc3 Qxa5 25.Rxa5 Nd4 26.Na4 Rc6 27.c3 Ne6 28.h4 Ba6 29.Rad5 Be2
30.R1d2 Ra8 31.Nb2 Ra1+ 32.Kh2 Ba6 33.Nd1 Rc1 34.Bf3 g6 35.Rxd6 Rxd6 36.Rxd6 Bc4
37.Rc6 Bd3 38.Ne3 Kg7 39.Kg2 Bb5 40.Rb6 Bd3 41.Rc6 Bb5 42.Rb6 Bd3  1/2-1/2

[Event "50th Canadian Open 2013"]
[Site "Ottawa CAN"]
[Date "2013.07.15"]
[Round "4"]
[White "Bruzon Batista,L"]
[Black "Cao,Jason"]
[Result "1-0"]
[WhiteElo "2689"]
[BlackElo "2060"]

1.e4 c5 2.Nf3 d6 3.d4 cxd4 4.Nxd4 Nf6 5.Nc3 a6 6.g3 e5 7.Nb3 Nbd7 8.a4 b6
9.Bg2 Bb7 10.O-O Be7 11.Nd2 Rc8 12.Re1 O-O 13.Nf1 Nc5 14.Bg5 Ne6 15.Bxf6 Bxf6
16.Ne3 Nd4 17.Ncd5 Bg5 18.f4 Bh6 19.c3 exf4 20.gxf4 Ne6 21.Qg4 Bxd5 22.Nxd5 Rb8
23.Rad1 Kh8 24.Kh1 b5 25.a5 g6 26.b4 Bg7 27.Rd3 Re8 28.Rf1 Nc7 29.Nb6 Qe7
30.f5 Be5 31.f6 Qe6 32.Qh4 h5 33.Rf5 Bxf6 34.Rxf6  1-0

[Event "Czech Open G1 Rapid 2013"]
[Site "Pardubice CZE"]
[Date "2013.07.18"]
[Round "7.20"]
[White "Matsenko,S"]
[Black "Cherepanov,V"]
[Result "0-1"]
[WhiteElo "2458"]
[BlackElo "2284"]

1.e4 c5 2.Nf3 d6 3.d4 cxd4 4.Nxd4 Nf6 5.Nc3 a6 6.g3 e6 7.Bg2 Be7 8.O-O Qc7
9.f4 Nc6 10.Kh1 O-O 11.Be3 Re8 12.g4 Nd7 13.g5 Bf8 14.Bg1 Rb8 15.f5 Nde5
16.Nce2 Bd7 17.c3 b5 18.Rc1 Nc4 19.b3 Nb6 20.Qd3 e5 21.Nc2 d5 22.exd5 e4
23.Bxe4 Ne5 24.Qg3 Bd6 25.Qg2 g6 26.Ncd4 Bc8 27.f6 Bb7 28.Nc6 Rbc8 29.Ned4 Ba8
30.Rce1 Nxc6 31.Nxc6 Rxe4 32.Qxe4 Nxd5 33.Qe8+ Bf8  0-1

[Event "Horsens Lang Weekend 2013"]
[Site "Horsens DEN"]
[Date "2013.07.19"]
[Round "3.3"]
[White "Ochsner,B"]
[Black "Haubro,M"]
[Result "1/2-1/2"]
[WhiteElo "2343"]
[BlackElo "2201"]

1.e4 c5 2.Nf3 d6 3.d4 cxd4 4.Nxd4 Nf6 5.Nc3 a6 6.g3 e5 7.Nde2 Be7 8.Bg2 Nbd7
9.O-O b5 10.h3 Bb7 11.g4 b4 12.Nd5 Nxd5 13.exd5 h5 14.Ng3 hxg4 15.hxg4 g6
16.a3 Bh4 17.Ne4 Qe7 18.g5 f5 19.gxf6 Nxf6 20.Nxf6+ Bxf6 21.axb4 Qh7 22.Re1 Qh2+
23.Kf1 Bc8 24.Qf3 O-O 25.Qg3 Qxg3 26.fxg3 Bh4+ 27.Kg1 Bxg3 28.Rf1 Rxf1+ 29.Bxf1 Bb7
30.c4 Rf8 31.Be3 Rf3 32.Ra3 Be1 33.Bg2 Rg3 34.Bf2 Bxf2+ 35.Kxf2 Rxa3 36.bxa3 Kf7
37.c5 Ke7 38.Be4 g5 39.Kf3 Bc8 40.c6 Kd8 41.a4 Kc7 42.a5 Kb8 43.Kg3 Kc7 44.Bg6 Kb8
45.Bf7 Bf5 46.Be6 Bd3 47.Kg4 e4 48.Bf5 Bc2 49.Kg3 Bd3 50.b5 axb5 51.a6 b4
52.a7+ Kxa7 53.c7 Ba6 54.c8=Q Bxc8 55.Bxc8 Kb6 56.Bf5 Kc5 57.Bxe4 Kd4 58.Bb1 Kxd5
59.Kg4 Kd4 60.Kxg5 Ke3 61.Kf5 d5 62.Ke5 d4 63.Kd5 b3 64.Kc4 b2  1/2-1/2

[Event "12th World U16 Ol"]
[Site "Chongqing CHN"]
[Date "2013.07.27"]
[Round "8"]
[White "Gledura,B"]
[Black "Artemiev,V"]
[Result "1/2-1/2"]
[WhiteElo "2421"]
[BlackElo "2554"]

1.e4 c5 2.Nf3 d6 3.d4 cxd4 4.Nxd4 Nf6 5.Nc3 a6 6.g3 e6 7.Bg2 Qc7 8.O-O Be7
9.a4 Nc6 10.h3 O-O 11.Nb3 b6 12.f4 Bb7 13.Be3 Rad8 14.Qe2 d5 15.e5 d4 16.exf6 Bxf6
17.Ne4 dxe3 18.Nxf6+ gxf6 19.Qxe3 Ne7 20.Bxb7 Qxb7 21.Nd4 Kh8 22.c3 Rg8 23.Kh2 Rd5
24.Qf3 Qd7 25.Rf2 Rd8 26.Qe2 Qc8 27.Re1 Ra5 28.Qc2 Qd7 29.b3 Rd5 30.Ree2 Qc8
31.Qb2 R8d7 32.Rd2 Qd8 33.Rde2 Qg8 34.Qc2 Rc7 35.Qb2 Rcd7 36.Qc2 Rh5 37.Kg2 Rc5
38.Qb2 Rcd5 39.Qc2 Rc5  1/2-1/2

[Event "Helmut-Kohls-Turnier"]
[Site "Dortmund GER"]
[Date "2013.07.27"]
[Round "8.4"]
[White "Feygin,M"]
[Black "Poetsch,H"]
[Result "1-0"]
[WhiteElo "2533"]
[BlackElo "2442"]

1.e4 c5 2.Nf3 d6 3.d4 cxd4 4.Nxd4 Nf6 5.Nc3 a6 6.g3 e5 7.Nb3 Be7 8.Bg2 Bg4
9.Qd3 O-O 10.O-O Nbd7 11.h3 Be6 12.Nd5 Nb6 13.Be3 Nfxd5 14.exd5 Bd7 15.Na5 Na4
16.Qd2 Qc7 17.b3 Bd8 18.Nc4 Nc5 19.a4 Bf6 20.Qb4 Rac8 21.Qb6 e4 22.Rae1 Nxa4
23.Qxc7 Rxc7 24.Nxd6 Be5 25.Nxe4 Nc3 26.f4 Nxe4 27.fxe5 Nxg3 28.Rf2 b5 29.e6 fxe6
30.Rxf8+ Kxf8 31.Bf4  1-0

[Event "Czech Open A 2013"]
[Site "Pardubice CZE"]
[Date "2013.07.27"]
[Round "9.19"]
[White "Matsenko,S"]
[Black "Bernasek,J"]
[Result "1-0"]
[WhiteElo "2458"]
[BlackElo "2551"]

1.e4 c5 2.Nf3 d6 3.d4 cxd4 4.Nxd4 Nf6 5.Nc3 a6 6.g3 e5 7.Nb3 Be7 8.Bg2 b5
9.Nd5 Nxd5 10.Qxd5 Ra7 11.Be3 Be6 12.Qd2 Rd7 13.O-O O-O 14.a4 d5 15.exd5 Bxd5
16.Bxd5 Rxd5 17.Qe2 Nc6 18.axb5 axb5 19.Rfd1 e4 20.Rxd5 Qxd5 21.Rd1 Qf5 22.Nd4 Nxd4
23.Rxd4 Ra8 24.Bf4 Ra4 25.Rxa4 bxa4 26.Qc4 g5 27.Be3 a3 28.bxa3 Bxa3 29.Qc7 Bf8
30.c4 h5 31.Qd8 f6 32.c5 Qe6 33.Qb6 Kf7 34.c6 Qd5 35.Bd4 e3 36.c7 exf2+ 37.Kxf2 Qf5+
38.Ke3 Be7 39.Qa6 g4 40.Qc4+  1-0

[Event "15th TCh-Eur Senior"]
[Site "Dresden GER"]
[Date "2013.07.28"]
[Round "9"]
[White "Tseitlin,Ma"]
[Black "Karasev,Vl"]
[Result "1/2-1/2"]
[WhiteElo "2388"]
[BlackElo "2363"]

1.e4 c5 2.Nf3 d6 3.d4 cxd4 4.Nxd4 Nf6 5.Nc3 a6 6.g3 e5 7.Nb3 Bg4 8.Qd3 Be7
9.Bg2 Nbd7 10.a4 Qc7 11.O-O O-O 12.Re1 Rac8 13.h3 Be6 14.Nd2 Qa5 15.Nf1 Bc4
16.Qd2 Bxf1 17.Bxf1 Qc7 18.a5 Rfd8 19.Qe2 d5 20.exd5 Bb4 21.Bd2 Bxc3 22.d6 Qxd6
23.Bxc3  1/2-1/2

[Event "15th TCh-Eur Senior"]
[Site "Dresden GER"]
[Date "2013.07.28"]
[Round "9"]
[White "Auvinen,E"]
[Black "Bhopal,Raj"]
[Result "0-1"]
[WhiteElo "1956"]
[BlackElo "2077"]

1.e4 c5 2.Nf3 d6 3.d4 cxd4 4.Nxd4 Nf6 5.Nc3 a6 6.g3 g6 7.Bg2 Bg7 8.O-O O-O
9.h3 Nc6 10.Nxc6 bxc6 11.e5 dxe5 12.Bxc6 Bxh3 13.Re1 Rb8 14.Qxd8 Rfxd8 15.Rxe5 Ng4
16.Re1 Bd4 17.Nd1 Rbc8 18.Bf4 Ne5 19.Kh1 Nf3 20.Rxe7 Bc5  0-1

[Event "9th Ribeira Valley Open 2013"]
[Site "Registro BRA"]
[Date "2013.08.01"]
[Round "6.10"]
[White "Souza Neves,A"]
[Black "Supi,L"]
[Result "0-1"]
[WhiteElo "2172"]
[BlackElo "2329"]

1.e4 c5 2.Nf3 d6 3.d4 cxd4 4.Nxd4 Nf6 5.Nc3 a6 6.g3 e5 7.Nb3 Be7 8.Bg2 b5
9.a4 b4 10.Nd5 Nxd5 11.Qxd5 Ra7 12.Be3 Be6 13.Qd2 Rb7 14.O-O O-O 15.f4 Nd7
16.f5 Bc4 17.g4 Bxf1 18.Rxf1 h6 19.Rf3 Bg5 20.Bxg5 Qxg5 21.Qxd6 Nf6 22.h3 Rd7
23.Qxa6 h5 24.Qe2 hxg4 25.hxg4 Rfd8 26.Rd3 Rxd3 27.cxd3 Nxg4 28.a5 Ne3 29.a6 Ra8
30.Nd2 Rxa6  0-1

[Event "XXII TCh-MKD 2013"]
[Site "Struga MKD"]
[Date "2013.08.02"]
[Round "5.5"]
[White "Gochev,M"]
[Black "Jazadzievski,M"]
[Result "0-1"]
[WhiteElo "2266"]
[BlackElo "2244"]

1.e4 c5 2.Nf3 d6 3.d4 cxd4 4.Nxd4 Nf6 5.Nc3 a6 6.g3 e5 7.Nb3 Be7 8.Bg2 O-O
9.O-O Nbd7 10.a4 b6 11.Re1 Bb7 12.Nd2 Rc8 13.Nf1 Nc5 14.Bg5 Ne6 15.Bxf6 Bxf6
16.Ne3 Bg5 17.Ncd5 Bxe3 18.Nxe3 Qc7 19.c3 a5 20.Qc2 Nd4 21.Qd3 Nb3 22.Rad1 Nc5
23.Qc2 Bc6 24.b3 Rfd8 25.f3 Bb7 26.Bh3 Ne6 27.Nd5 Bxd5 28.Rxd5 Qxc3 29.Qxc3 Rxc3
30.Bxe6 fxe6 31.Rb5 Rb8 32.Rd1 Rc6 33.Kf2 Kf7 34.Ke3 Ke7 35.f4 exf4+ 36.gxf4 Rc5
37.Rg1 g6 38.f5 exf5 39.exf5 Rxf5 40.Rxf5 gxf5 41.Rg7+ Kf6 42.Rxh7 Re8+ 43.Kf2 Re4
44.Rh3 Rb4 45.Rd3 Ke5 46.Kf3 d5 47.Rc3 Rh4 48.Kg3 Rh6 49.Re3+ Kd4 50.Rf3 Ke4
51.Rf4+ Ke5 52.Rf1 d4 53.Re1+ Kd5 54.Kf4 Rxh2 55.Re5+ Kd6 56.Re8 Rf2+ 57.Kg3 Rb2
58.Kf4 Rxb3 59.Kxf5 Rf3+  0-1

[Event "Politiken Cup 2013"]
[Site "Helsingor DEN"]
[Date "2013.08.03"]
[Round "9.95"]
[White "Sjol,H"]
[Black "Hansen,MM"]
[Result "1/2-1/2"]
[WhiteElo "1871"]
[BlackElo "2126"]

1.e4 c5 2.Nf3 d6 3.d4 cxd4 4.Nxd4 Nf6 5.Nc3 a6 6.g3 b5 7.a3 Bb7 8.Bg2 e6
9.O-O Qc7 10.Be3 Be7 11.Qe2 O-O 12.f4 Nbd7 13.Rad1 Rac8 14.Bf2 Rfd8 15.Rd2 Qb8
16.Re1 Qa8 17.g4 Nf8 18.g5 N6d7 19.Qg4 Re8 20.h4 d5 21.exd5 exd5 22.Nf5 Bc5
23.Rxe8 Bxf2+ 24.Kxf2 Rxe8 25.Nxd5 Qa7+ 26.Kf1 Bxd5 27.Bxd5 Nc5 28.Re2 Rxe2
29.Qxe2 Qd7 30.Ne7+ Kh8 31.Bg2 Nce6 32.Nd5 Nd4 33.Qe4 Nf5 34.Qe1 Ne6 35.Ne3 Nxe3+
36.Qxe3 Qd1+ 37.Qe1 Qxc2 38.Qb4 Qc1+ 39.Kf2 Qxf4+ 40.Qxf4 Nxf4 41.Be4 f6
42.gxf6 gxf6 43.b4 Ne6 44.Bb7 Nc7 45.Kf3 Kg7  1/2-1/2

[Event "HZ Open 2013"]
[Site "Vlissingen NED"]
[Date "2013.08.09"]
[Round "8.46"]
[White "Ratsma,Rosa"]
[Black "Senders,Mischa"]
[Result "0-1"]
[WhiteElo "1857"]
[BlackElo "2061"]

1.e4 c5 2.Nf3 d6 3.d4 cxd4 4.Nxd4 Nf6 5.Nc3 a6 6.g3 e5 7.Nde2 Be7 8.Bg2 O-O
9.a4 Be6 10.O-O Nbd7 11.h3 Qc7 12.Be3 Rfd8 13.b3 Qc6 14.Nd5 Bxd5 15.exd5 Qc7
16.c4 a5 17.Nc3 Nc5 18.f4 Nfd7 19.Nb5 Qc8 20.Rb1 b6 21.h4 exf4 22.Rxf4 Ne5
23.Bd4 g6 24.Kh2 Bf8 25.Bh3 f5 26.Qc2 Qd7 27.Bc3 Bh6 28.Rff1 Rf8 29.Rbe1 Rae8
30.Nd4 Bg7 31.Re2 Re7 32.Bb2 Ref7 33.Qd1 Re7 34.Ba3 Rfe8 35.Bxc5 bxc5 36.Ne6 Rb8
37.Re3 Rb4 38.Qc2 Nxc4 39.Re2 Ne5 40.Rd2 Re8 41.Rdd1 c4 42.Nxg7 Qxg7 43.Rb1 Reb8  0-1